| 000 | 01278cam a22003378i 4500 | ||
|---|---|---|---|
| 001 | 21399340 | ||
| 003 | NUST | ||
| 005 | 20220825120329.0 | ||
| 008 | 200124s2021 mau 000 1 eng | ||
| 010 | _a 2020003643 | ||
| 020 |
_a9780358126553 _q(hardcover) |
||
| 020 |
_z9780358125099 _q(ebook) |
||
| 040 |
_aDLC _beng _erda _cDLC |
||
| 042 | _apcc | ||
| 050 | 0 | 0 |
_aPS3601.L92 _bA89 2021 |
| 082 | 0 | 0 |
_a813.6 _223 _bALY |
| 100 | 1 |
_aAlyan, Hala, _d1986- _eauthor. _997961 |
|
| 245 | 1 | 4 |
_aThe arsonists' city _cHala Alyan. |
| 260 |
_aBoston : _bHoughton Mifflin Harcourt, _c2021 |
||
| 263 | _a2101 | ||
| 300 | _a443p | ||
| 336 |
_atext _btxt _2rdacontent |
||
| 337 |
_aunmediated _bn _2rdamedia |
||
| 338 |
_avolume _bnc _2rdacarrier |
||
| 520 |
_a"A rich family story, a personal look at the legacy of war in the Middle East, and an indelible rendering of how we hold on to the people and places we call home"-- _cProvided by publisher. |
||
| 655 | 0 | _aDomestic fiction. | |
| 776 | 0 | 8 |
_iOnline version: _aAlyan, Hala, 1986- _tThe arsonists' city _dBoston : Houghton Mifflin Harcourt, 2021. _z9780358125099 _w(DLC) 2020003644 |
| 906 |
_a7 _bcbc _corignew _d1 _eecip _f20 _gy-gencatlg |
||
| 942 |
_2ddc _cLC |
||
| 999 |
_c591205 _d591205 |
||